000 00531nam a2200145Ia 4500
008 151213s9999 xx 000 0 und d
100 _aরাবেয়া মঈন।
245 _aসুনিল কুমার মুখোপাধ্যায়
_cরাবেয়া মঈন।
260 _aঢাকা।
_bসফিকুল ইসলাম।
_c1987
300 _a8702 p.
650 _aBangla
650 _aঁজীবনী আলোচনা।
700 _aরাবেয়া মঈন।
999 _c4488
_d4488